000
00282cam a22000977a 4500
008
180718b1950 xxu||||| |||| 00| 0 eng d
082
_a
K8503x5451 H995
245
_a
The Hyderabad provident fund act no. xxi of 1357 Fasli
260
_a
Hyderabad
_b
Government Press
_c
1950
300
_a
6p.
999
_c
429241
_d
429241